000 00550nam a2200217 a 4500
001 0001-2177
003 ELIB.Books
008 190802 2010 eng
020 _a0877849951
092 _a305.31
_bTro
100 _aTrobisch, Walter.
245 _aAll a Man Can Be
260 _aDowners Grove
_bInter Varsity Press
_c1986
300 _a102
_c21cm
650 _aMen Psychology
856 _nKBTS Library
_uKBTS Elib
942 _2ddc
_cBK
990 _a1
998 _aEnglishbooks.elf
_ccat
_e2019-08-02
999 _c12177
_d12177